| 000 | 00348 a2200157 4500 | ||
|---|---|---|---|
| 001 | 62818 | ||
| 020 | _a978-1-111-35602-6 | ||
| 040 | _cAnchieta - Pituba | ||
| 100 | _aHUNTLEY, Helen | ||
| 240 | 1 | 0 |
_aReading explorer 5 _lIng |
| 245 | 1 | 0 | _aReading explorer 5 |
| 300 | _a256 | ||
| 362 | 0 | _a2012 | |
| 650 | 4 | _aInglês e inglês antigo | |
| 942 | _cBK | ||
| 999 |
_c62818 _d62818 |
||